000 00585nam a22002177a 4500
005 20170124110213.0
010 _aB-166040
020 _c150.00
_a8188322571
035 _aB-166040
037 _bCen Lib/Ret
040 _aDPL
_bEN
082 _aN
_bSAL
100 _aSalam Azad
_938572
245 _aShattered dream /
_cby Salam Azad
260 _aNew Delhi
_bOceans Books
_c2005
270 _a4/19, Asaf Ali Road
_bNew Delhi
_e110002
300 _a115p.
_c21cm(Hb)
650 _aEnglish -- fiction
_938573
650 _aEnglish -- literature
_938574
942 _2ddc
_cEN
_hN
_mSAL
999 _c133666
_d133666